000 00504cam a2200157 4500500
005 20260322014058.0
041 _afre
042 _adc
100 1 0 _aRichaud, Emmanuel
_eauthor
700 1 0 _aVerdu, Jacques
_eauthor
245 0 0 _aChemical aging of polymers
260 _c2026.
500 _a36
786 0 _nCorrosion - Aging | - | 2026-03-05 | p. 16-16
856 4 1 _uhttps://stm.cairn.info/materials-resistance-to-corrosion-and-aging--bdti42373210-am3153-page-16?lang=en&redirect-ssocas=7080
999 _c1786154
_d1786154